Entry Personal Name
Number of records used in: 1
001 - CONTROL NUMBER
003 - CONTROL NUMBER IDENTIFIER
005 - DATE AND TIME OF LATEST TRANSACTION
- control field:
20231109155841.0
008 - FIXED-LENGTH DATA ELEMENTS
- fixed length control field:
890424n| azannaabn |b aaa
010 ## - LIBRARY OF CONGRESS CONTROL NUMBER
- LC control number:
n 84138115
035 ## - SYSTEM CONTROL NUMBER
- System control number:
(OCoLC)oca02509254
040 ## - CATALOGING SOURCE
- Original cataloging agency:
DLC
- Language of cataloging:
eng
- Transcribing agency:
DLC
- Modifying agency:
DLC
- Modifying agency:
Uk
- Modifying agency:
InU
- Modifying agency:
DLC
- Modifying agency:
InU
- Modifying agency:
OCoLC
- Description conventions:
rda
- Modifying agency:
CSt-HC
- Modifying agency:
PU
046 ## - SPECIAL CODED DATES
- Birth date:
1956
- Source of date scheme:
edtf
100 1# - HEADING--PERSONAL NAME
- Personal name:
Yahya, Hârun
370 ## - ASSOCIATED PLACE
- Place of birth:
Ankara (Turkey)
- Source of term:
naf
374 ## - OCCUPATION
- Occupation:
Muslim scholars
- Occupation:
Authors
- Source of term:
lcsh
375 ## - GENDER
377 ## - ASSOCIATED LANGUAGE
400 1# - SEE FROM TRACING--PERSONAL NAME
- Personal name:
Jahja, Harun
400 0# - SEE FROM TRACING--PERSONAL NAME
- Personal name:
Harun Jahja
400 1# - SEE FROM TRACING--PERSONAL NAME
- Personal name:
Oktar, Adnan
400 1# - SEE FROM TRACING--PERSONAL NAME
- Personal name:
I︠A︡ḣë, Ḣorun
400 1# - SEE FROM TRACING--PERSONAL NAME
- Personal name:
هارون يحيى
400 1# - SEE FROM TRACING--PERSONAL NAME
- Personal name:
يحيى، هارون
670 ## - SOURCE DATA FOUND
- Source citation:
His Yahudilik ve Masonluk, 1987:
- Information found:
t.p. (Hârun Yahya)
670 ## - SOURCE DATA FOUND
- Source citation:
The truth of the life of this world, 2000:
- Information found:
t.p. (Harun Yahya) prelim. (pen-name formed from the names Harun (Aaron) and Yahya (John))
670 ## - SOURCE DATA FOUND
- Source citation:
Harun Yahya WWW Site, 20 Jun. 2001
- Information found:
(born in Ankara, 1956, Adnan Oktar, Turkish scholar, author of more than 100 books)
670 ## - SOURCE DATA FOUND
- Source citation:
Gjunjezimi i evolucionit, 2001:
- Information found:
t.p. (Harun Jahja)
670 ## - SOURCE DATA FOUND
- Source citation:
Los desastres producios por el darwinismo a la humanidad, 2003:
- Information found:
t.p. (Harun Yahya) cover p. 4 (name is a pseud..; b. in Ankara 1956; gives vita)
670 ## - SOURCE DATA FOUND
- Source citation:
Inkishāfāt-i Qurʼān, 2002:
- Information found:
t.p. (Hārūn Yaḥyá) p. 7 (b. 1956, Ankara, Turkey ; author of more than 100 books)
670 ## - SOURCE DATA FOUND
- Source citation:
Qurʺon akhloqiga kŭra ..., 2006:
- Information found:
t.p. (Ḣorun ︠A︡ḣë)